Представление документа в формате RUSMARC

ПолеНазваниеЗначение
  Тип записи a
  Библиографический уровень a
001 Контрольный номер RU/CBS_UL/BASE/557432851
005 Дата корректировки 20240209175215.8
100 Данные общей обработки __
a Данные общей обработки 20170830d2017 ||| 0rusy0189 ca
101 Язык документа 0_
a Язык текста rus
102 Страна публикации __
a Страна публикации RU
105 Кодированные данные (монография) __
a Кодированные данные (монография) y###||||000|y
200 Заглавие и сведения об ответственности 1_
a Заглавие С высоты озирая столетия...
b Общее обозначение материала Текст
e Сведения, относящиеся к заглавию [история и архитектура Свято-Успенского кафедрального собора Смоленска]
f Первые сведения об ответственности И. Барсукова
300 Общие примечания __
a Общие примечания Ограничения по возрасту - 16+
461 Уровень набора _0
1 2000
a Клуб
463 Уровень физической единицы _0
1 001RU/CBS_Ul/BASE/548174560
1 2000
a № 5
v С. 28-30 : цв. фото
1 210
d 2017
600 Персоналии _0
a Персоналии (Фамилия) Обухов
b Персоналии (Имя, инициалы) П.И.
600 Персоналии _0
a Персоналии (Фамилия) Кирилл (Патриарх Московский и всея Руси)
600 Персоналии _0
a Персоналии (Фамилия) Гундяев
b Персоналии (Имя, инициалы) В.М.
606 Тематические рубрики 0_
a Основная рубрика Свято-Успенский кафедральный собор (Смоленск, город)
y Географическая подрубрика Смоленск, город
610 Ключевые слова 0_
a Ключевые слова православие
a Ключевые слова храмы
a Ключевые слова храмы православные
a Ключевые слова православные храмы
a Ключевые слова патриархи Московские и всея Руси
a Ключевые слова архитектура
a Ключевые слова архитектура русская
a Ключевые слова соборы православные
a Ключевые слова Успенский собор
a Ключевые слова Свято-Успенский кафедральный собор
a Ключевые слова соборы смоленские
a Ключевые слова храмы смоленские
a Ключевые слова соборы кафедральные
a Ключевые слова Смоленская Богоматерь
a Ключевые слова князья смоленские
686 Индексы других классификаций __
a Классификационный индекс 85.113(2)
2 Код системы ББК
686 Индексы других классификаций __
a Классификационный индекс 86.372
2 Код системы ББК
700 Автор _1
a Фамилия Барсукова
b Имя (инициалы) И.
801 Источник записи _0
a Страна RU
b Организация МБУК ЦБС г. Ульяновска
c Дата составления 20170830
g Правила каталогизации RCR
801 Источник записи _1
a Страна RU
b Организация МБУК ЦБС г. Ульяновска
c Дата составления 20170830
g Правила каталогизации RCR
901 Тип документа __
t Тип документа b
w Контрольный № источника RU/CBS_Ul/BASE/548174560
910 Корректоры записи __
a Корректор записи admin2
938 Служебная информация __
a Имя БД period